|
|
|
|
| LEADER |
00914nam a2200241 a 4500 |
| 001 |
009388884 |
| 008 |
090524r19861989 enka b 001 0 eng d |
| 020 |
|
|
|a 0044480032 (pbk) :
|c 12.95
|
| 020 |
|
|
|a 0044480911
|
| 040 |
|
|
|a Uk
|c Uk
|
| 082 |
0 |
4 |
|a 574
|2 19
|
| 100 |
1 |
|
|a Simpkins, J.
|q (John)
|
| 245 |
0 |
0 |
|a Advanced biology /
|c John Simpkins, J. I. Williams.
|
| 250 |
|
|
|a 3rd ed.
|
| 260 |
|
|
|a London :
|b Unwin Hyman,
|c 1989 [reprinted 1986].
|
| 300 |
|
|
|a viii,760p. :
|b ill. ;
|c 25 cm.
|
| 504 |
|
|
|a Includes bibliographical references and index.
|
| 541 |
1 |
|
|e 00008469
|
| 650 |
|
0 |
|a Biology.
|
| 700 |
1 |
|
|a Williams, J. I.
|q (John Irving)
|
| 852 |
4 |
|
|a Ayesha Abed Library
|j General shelf
|
| 999 |
|
|
|c 1033
|d 1033
|
| 952 |
|
|
|0 0
|1 0
|2 ddc
|4 1
|6 574_000000000000000_SIM
|7 0
|9 941
|a BRACUL
|b BRACUL
|c SPS
|d 2009-06-24
|g 0.00
|l 2
|m 2
|o 574 SIM
|p 3010008469
|r 2012-11-11
|s 2012-10-22
|t 1
|w 2009-06-24
|y BK
|x No price found in the accession register.
|